[Event "13th Poti Nana Aleksandria Cup"]
[Site "Poti"]
[Date "2018.07.18"]
[Round "7"]
[White "Gordon, Evgeny"]
[Black "Shanya Mishra"]
[Result "1-0"]
[WhiteElo "2016"]
[BlackElo "1980"]
[Annotator "NA"]
[PlyCount "101"]
[EventDate "2018.07.13"]
[EventType "swiss"]
[EventCountry "GEO"]
[SourceTitle "playchess.com"]
[Source "ChessBase"]
[SourceQuality "1"]
[TimeControl "40/5400+30:1800+30"]

1. d4 {[%emt 0:00:00]} Nf6 {[%emt 0:02:42]} 2. c4 {[%emt 0:00:00]} e6 {[%emt 0:00:28]} 3. Nc3 {[%emt 0:00:00]} Bb4 {[%emt 0:00:35]} 4. Qc2 {[%emt 0:00:00]} O-O {[%emt 0:00:58]} 5. a3 {[%emt 0:01:25]} Bxc3+ {[%emt 0:00:52]} 6. Qxc3 {[%emt 0:00:05]} b6 {[%emt 0:00:22]} 7. Nf3 {[%emt 0:01:06]} Bb7 {[%emt 0:00:25]} 8. Bg5 {[%emt 0:02:35]} d6 {[%emt 0:02:41]} 9. e3 {[%emt 0:01:17]} Nbd7 {[%emt 0:00:55]} 10. Be2 {[%emt 0:01:35]} c5 {[%emt 0:02:29]} 11. Bh4 {[%emt 0:04:43]} Rc8 {[%emt 0:02:49] LiveBook: 7 Games} 12. O-O {[%emt 0:06:22]} Qe8 {[%emt 0:04:08]} ({Black should try} 12... h6 $11) 13. dxc5 {[%emt 0:01:45]} Ne4 {[%emt 0:02:50]} 14. Qc2 {[%emt 0:02:17]} bxc5 {[%emt 0:00:56]} 15. Nd2 $14 {[%emt 0:08:09]} f5 {[%emt 0:06:49]} 16. Nxe4 {[%emt 0:16:16]} fxe4 {[%emt 0:00:34]} 17. Bg3 {[%emt 0:01:14]} Qe7 {[%emt 0:01:55]} 18. Rfd1 {[%emt 0:03:29]} d5 {[%emt 0:00:39]} 19. Rac1 {[%emt 0:09:21]} Qg5 {[%emt 0:03:41]} 20. Qa4 {[%emt 0:03:24]} Bc6 {[%emt 0:15:18]} 21. Qxa7 {[%emt 0:01:21]} Qd8 {[%emt 0:00:35]} 22. Bg4 {[%emt 0:04:08]} Rf6 {[%emt 0:11:22]} 23. cxd5 {[%emt 0:04:23]} Ra8 {[%emt 0:03:29]} 24. Qc7 {[%emt 0:00:12]} Qxc7 {[%emt 0:01:04]} 25. Bxc7 {[%emt 0:00:01]} Bxd5 {[%emt 0:00:08]} 26. Rxd5 {[%emt 0:10:53]} exd5 {[%emt 0:00:27]} 27. Bxd7 {[%emt 0:00:02]} Ra7 {[%emt 0:01:03]} 28. Be5 {[%emt 0:00:03]} Rxd7 {[%emt 0:02:09]} 29. Bxf6 {[%emt 0:00:11]} gxf6 {[%emt 0:00:03]} 30. Rxc5 {[%emt 0:00:05]} Kf7 {[%emt 0:00:29]} 31. Kf1 {[%emt 0:00:22]} d4 {[%emt 0:00:04]} 32. exd4 {[%emt 0:00:24]} Rxd4 {[%emt 0:00:06]} 33. Ke2 {[%emt 0:00:07]} Rd3 {[%emt 0:00:14]} 34. Rb5 {[%emt 0:00:39]} Ke6 {[%emt 0:01:25]} 35. f3 {[%emt 0:01:09]} exf3+ {[%emt 0:00:42]} 36. gxf3 {[%emt 0:00:21]} Rd4 {[%emt 0:00:08]} 37. Rb4 {[%emt 0:00:18]} Rd5 {[%emt 0:00:25]} 38. h4 {[%emt 0:01:01]} Kd6 {[%emt 0:01:45]} 39. Ke3 {[%emt 0:01:36]} Kc5 {[%emt 0:00:47]} 40. Rf4 {[%emt 0:00:00]} f5 {[%emt 0:00:00]} 41. Rb4 {[%emt 0:03:07]} Rd1 {[%emt 0:03:04]} 42. Kf4 {[%emt 0:00:34]} Rd3 {[%emt 0:00:12]} 43. h5 {[%emt 0:02:06]} Kc6 {[%emt 0:00:13]} 44. a4 {[%emt 0:00:29]} Rd5 {[%emt 0:00:13]} 45. b3 {[%emt 0:00:46]} Rd3 {[%emt 0:01:14]} 46. Rb5 {[%emt 0:02:00]} Rc3 {[%emt 0:00:08]} 47. Rb8 {[%emt 0:01:24]} Rd3 {[%emt 0:00:18]} 48. a5 {[%emt 0:03:51]} Kc7 {[%emt 0:00:05]} 49. Rb5 {[%emt 0:00:24]} Kc6 {[%emt 0:00:06]} 50. Rb6+ {[%emt 0:00:05]} Kc7 {[%emt 0:00:05]} 51. b4 {[%emt 0:00:07]} 1-0

[Event "13th Poti Nana Aleksandria Cup"]
[Site "Poti"]
[Date "2018.07.18"]
[Round "7"]
[White "Arakelyan, Nare"]
[Black "Avetisyan, Mariam"]
[Result "0-1"]
[WhiteElo "1834"]
[BlackElo "2051"]
[Annotator "NA"]
[PlyCount "138"]
[EventDate "2018.07.13"]
[EventType "swiss"]
[EventCountry "GEO"]
[SourceTitle "playchess.com"]
[Source "ChessBase"]
[SourceQuality "1"]
[TimeControl "40/5400+30:1800+30"]

1. e4 {[%emt 0:00:00]} e5 {[%emt 0:00:00]} 2. Nf3 {[%emt 0:00:05]} Nc6 {[%emt 0:00:00]} 3. Bc4 {[%emt 0:00:03]} Bc5 {[%emt 0:00:41]} 4. c3 {[%emt 0:00:39]} Nf6 {[%emt 0:01:02]} 5. d3 {[%emt 0:00:57]} d6 {[%emt 0:01:21]} 6. O-O {[%emt 0:00:21]} Bg4 {[%emt 0:15:46]} 7. b4 {[%emt 0:08:50]} Bb6 {[%emt 0:00:17]} 8. a4 {[%emt 0:00:47]} a5 {[%emt 0:03:51] C54: Italienische Partie (Hauptvariante)} (8... a6 9. h3 Be6 10. Bxe6 fxe6 11. Na3 Qd7 12. Nc4 Ba7 13. Be3 Bxe3 14. fxe3 O-O 15. b5 axb5 16. axb5 Ne7 {1-0 (47) Wilke,W (2214)-Rechberger,F (2134) Austria 2017}) 9. b5 {[%emt 0:04:53]} Nb8 {[%emt 0:04:05]} 10. Qb3 {[%emt 0:04:55]} O-O {[%emt 0:01:14]} 11. Nbd2 {[%emt 0:06:46]} Nbd7 {[%emt 0:07:26]} 12. Ng5 $146 {[%emt 0:05:21]} ({Vorgänger:} 12. d4 Bxf3 13. Nxf3 h6 14. Re1 Qe7 15. Ba3 Rae8 16. Nh4 exd4 {1-0 (47) Lasalle,A-Batschari,A France 1991}) 12... Qe7 {[%emt 0:03:55]} 13. h3 {[%emt 0:03:30]} Bh5 {[%emt 0:04:47]} 14. Qc2 {[%emt 0:04:29]} Kh8 {[%emt 0:05:07]} 15. Bb2 {[%emt 0:02:05]} ({Better is} 15. Ngf3 $14) 15... Ng8 {[%emt 0:03:23]} ({Besser ist} 15... Bg6 $15) 16. Ngf3 $1 {[%emt 0:01:05]} Nh6 {[%emt 0:02:25]} 17. Bd5 {[%emt 0:04:33]} Rab8 {[%emt 0:13:48]} 18. d4 {[%emt 0:15:21]} f5 {[%emt 0:04:57]} 19. exf5 {[%emt 0:08:17]} Rxf5 {[%emt 0:06:34]} 20. g4 {[%emt 0:03:13]} Nf6 {[%emt 0:00:25]} 21. gxf5 {[%emt 0:04:05]} Nxd5 {[%emt 0:00:03]} 22. Qe4 {[%emt 0:02:31]} Nf6 {[%emt 0:00:21]} 23. Qc2 {[%emt 0:01:06]} e4 {[%emt 0:02:26]} 24. Rfe1 {[%emt 0:00:17]} Qd7 {[%emt 0:02:18]} 25. Nh4 {[%emt 0:01:07]} Nxf5 {[%emt 0:00:59]} 26. Nxf5 {[%emt 0:01:23]} Qxf5 {[%emt 0:00:07]} 27. Re3 {[%emt 0:01:06]} Rf8 {[%emt 0:01:41]} 28. Rf1 {[%emt 0:05:22]} Nd5 {[%emt 0:02:09]} 29. Rg3 {[%emt 0:00:39]} Nf4 {[%emt 0:01:21]} 30. Kh2 {[%emt 0:02:36]} Ne2 {[%emt 0:00:26]} 31. Re3 {[%emt 0:02:12]} Qf4+ {[%emt 0:01:03]} 32. Kh1 {[%emt 0:01:56]} d5 {[%emt 0:01:25]} 33. Re1 {[%emt 0:02:08]} c6 {[%emt 0:05:57]} ({Nicht} 33... Qxf2 34. Rf1 $17) 34. R1xe2 {[%emt 0:00:58]} ({Reject} 34. R3xe2 Bc7 $19) 34... Bxe2 {[%emt 0:00:25]} 35. Rxe2 {[%emt 0:00:02]} Bc7 {[%emt 0:00:03]} 36. Nf1 {[%emt 0:01:36]} Qf3+ {[%emt 0:00:07]} 37. Kg1 {[%emt 0:00:15]} Rf6 {[%emt 0:00:45]} 38. Re3 {[%emt 0:01:00]} Rg6+ {[%emt 0:00:19]} 39. Ng3 {[%emt 0:00:09]} Rxg3+ {[%emt 0:00:16]} 40. fxg3 {[%emt 0:00:00]} Qxe3+ $19 {[%emt 0:00:00]} 41. Qf2 {[%emt 0:01:13]} Qxf2+ {[%emt 0:00:11]} 42. Kxf2 {[%emt 0:00:02]} Kg8 {[%emt 0:00:07]} 43. bxc6 {[%emt 0:00:51]} bxc6 {[%emt 0:02:47]} 44. Bc1 {[%emt 0:01:47]} Kf7 {[%emt 0:00:14]} 45. g4 {[%emt 0:00:36]} Kf6 {[%emt 0:00:26]} 46. h4 {[%emt 0:00:40]} g6 {[%emt 0:01:06]} 47. Bg5+ {[%emt 0:00:38]} Ke6 {[%emt 0:00:29]} 48. Bh6 {[%emt 0:01:06]} Bd8 {[%emt 0:00:31]} 49. Kg3 {[%emt 0:02:00]} Be7 {[%emt 0:00:38]} 50. Bd2 {[%emt 0:02:56]} Bd6+ {[%emt 0:00:25]} 51. Kg2 {[%emt 0:00:42]} Bc7 {[%emt 0:01:52]} 52. Bh6 {[%emt 0:00:48]} Bd8 {[%emt 0:00:56]} 53. Kg3 {[%emt 0:02:14]} Bb6 {[%emt 0:13:06]} 54. Be3 {[%emt 0:01:26]} Bc7+ {[%emt 0:00:03]} 55. Kg2 {[%emt 0:00:22]} h5 {[%emt 0:00:18]} 56. Kh3 {[%emt 0:00:33]} Bd6 {[%emt 0:00:11]} 57. Bg5 {[%emt 0:06:51]} c5 {[%emt 0:00:53]} 58. gxh5 {[%emt 0:03:09]} gxh5 {[%emt 0:00:14]} 59. dxc5 {[%emt 0:01:16]} Be5 {[%emt 0:08:02]} 60. Bd2 {[%emt 0:03:16]} Kd7 {[%emt 0:00:55]} 61. Kg2 {[%emt 0:04:03]} Kc6 {[%emt 0:00:04]} 62. c4 {[%emt 0:00:57]} dxc4 {[%emt 0:04:05]} 63. Bxa5 {[%emt 0:00:53]} c3 {[%emt 0:00:07]} 64. Kf2 {[%emt 0:00:26]} c2 {[%emt 0:00:07]} 65. Bd2 {[%emt 0:00:14]} Bb2 {[%emt 0:00:04]} 66. Ke3 {[%emt 0:00:14]} Kd5 {[%emt 0:00:03]} 67. c6 {[%emt 0:03:23]} c1=Q {[%emt 0:00:06]} 68. Bxc1 {[%emt 0:00:06]} Bxc1+ {[%emt 0:00:02]} 69. Ke2 {[%emt 0:00:09]} Kxc6 {[%emt 0:00:03]} 0-1

[Event "13th Poti Nana Aleksandria Cup"]
[Site "Poti"]
[Date "2018.07.18"]
[Round "7"]
[White "Tsotsonava, Elene"]
[Black "Pshmahov, Osman"]
[Result "1-0"]
[WhiteElo "1647"]
[BlackElo "2136"]
[Annotator "NA"]
[PlyCount "115"]
[EventDate "2018.07.13"]
[EventType "swiss"]
[EventCountry "GEO"]
[SourceTitle "playchess.com"]
[Source "ChessBase"]
[SourceQuality "1"]
[TimeControl "40/5400+30:1800+30"]

1. e4 {[%emt 0:00:00]} d6 {[%emt 0:00:00]} 2. d4 {[%emt 0:00:00]} Nf6 {[%emt 0:00:00]} 3. Nc3 {[%emt 0:00:00]} g6 {[%emt 0:00:00]} 4. f4 {[%emt 0:00:00]} Bg7 {[%emt 0:00:01]} 5. Nf3 {[%emt 0:00:00]} O-O {[%emt 0:00:23]} 6. Bd3 {[%emt 0:00:06] LiveBook: 2345 Partien} Bg4 {[%emt 0:02:16]} 7. h3 {[%emt 0:01:06]} Bxf3 {[%emt 0:00:22]} 8. Qxf3 {[%emt 0:00:06]} Nc6 {[%emt 0:00:25]} 9. Be3 {[%emt 0:00:10]} Nb4 {[%emt 0:01:22] B09: Pirc-Ufimzew-Verteidigung (Dreibauernangriff)} 10. O-O-O {[%emt 0:01:00]} c6 {[%emt 0:02:44]} 11. g4 {[%emt 0:02:27]} b5 $146 {[%emt 0:00:35]} ({Vorgänger:} 11... Qa5 12. Kb1 b5 13. g5 Nh5 14. f5 c5 15. a3 Nc6 16. Nd5 cxd4 17. Bd2 {½-½ (73) Janocha,W (2298)-Koziak,V (2461) Wroclaw 2007}) 12. h4 {[%emt 0:06:37]} Nxd3+ {[%emt 0:00:21]} 13. Rxd3 {[%emt 0:00:14]} b4 {[%emt 0:01:34]} 14. Ne2 {[%emt 0:00:12]} Qc8 {[%emt 0:01:00]} 15. f5 {[%emt 0:00:43]} c5 {[%emt 0:00:54] [#]} 16. h5 $1 {[%emt 0:03:56]} c4 {[%emt 0:01:04]} 17. Rdd1 {[%emt 0:00:08]} b3 {[%emt 0:03:29]} 18. hxg6 {[%emt 0:01:10]} fxg6 {[%emt 0:04:02]} 19. g5 {[%emt 0:09:34]} ({Don't do} 19. axb3 $6 cxb3 20. c3 Qa6 $16) (19. Nc3 $18) 19... bxa2 {[%emt 0:03:15]} 20. Kd2 {[%emt 0:00:10]} Nh5 {[%emt 0:08:36]} 21. Ng3 {[%emt 0:07:13]} Nxg3 {[%emt 0:09:41]} 22. Qxg3 {[%emt 0:00:14]} c3+ {[%emt 0:00:26]} 23. bxc3 {[%emt 0:00:48]} Qc4 {[%emt 0:00:17]} 24. Qh4 {[%emt 0:04:58]} Rfc8 {[%emt 0:00:14]} 25. Qxh7+ Kf8 26. f6 {[%emt 0:17:32]} Qxc3+ {[%emt 0:00:14]} 27. Ke2 {[%emt 0:00:08]} Qc4+ {[%emt 0:00:18]} 28. Kf3 {[%emt 0:01:27]} exf6 {[%emt 0:00:24]} 29. gxf6 {[%emt 0:03:10]} Bxf6 {[%emt 0:00:25]} 30. Qxg6 {[%emt 0:01:59]} Qf7 {[%emt 0:00:48]} 31. Qxf7+ {[%emt 0:01:33]} Kxf7 {[%emt 0:00:00]} 32. Rh7+ {[%emt 0:02:19]} Kf8 {[%emt 0:09:56]} 33. Rg1 {[%emt 0:04:44]} Rc3 {[%emt 0:00:23]} 34. Ke2 {[%emt 0:02:00]} Rxc2+ {[%emt 0:19:12]} 35. Kd3 {[%emt 0:01:33]} Rac8 {[%emt 0:00:34]} 36. Bh6+ Bg7 37. Bxg7+ {[%emt 0:05:48]} Kg8 {[%emt 0:01:05]} 38. Rh8+ {[%emt 0:00:10]} Kf7 {[%emt 0:00:03]} 39. Rxc8 {[%emt 0:00:08]} Rxc8 {[%emt 0:00:30]} 40. Bh6 {[%emt 0:00:19]} Rh8 {[%emt 0:00:31]} 41. Bd2 {[%emt 0:01:39]} Rh3+ {[%emt 0:00:10]} 42. Kc4 {[%emt 0:00:48]} Rh4 {[%emt 0:01:52]} 43. Kd3 {[%emt 0:01:38]} Rh3+ {[%emt 0:00:16]} 44. Be3 {[%emt 0:00:10]} Ke6 {[%emt 0:00:55]} 45. Ra1 {[%emt 0:01:37]} Rh2 {[%emt 0:00:03]} 46. Bd2 {[%emt 0:00:09]} Rh3+ {[%emt 0:00:04]} 47. Kc4 {[%emt 0:00:36]} Rh4 $18 {[%emt 0:00:44]} 48. Rxa2 {[%emt 0:01:45]} Rxe4 {[%emt 0:00:05]} 49. Rxa7 {[%emt 0:00:17]} Rh4 {[%emt 0:00:07]} 50. Bb4 {[%emt 0:00:40]} Rh8 {[%emt 0:01:52]} 51. d5+ {[%emt 0:00:37]} Kf5 {[%emt 0:00:09]} 52. Bxd6 {[%emt 0:00:18]} Rh1 {[%emt 0:00:36]} 53. Bc5 {[%emt 0:01:59]} Rc1+ {[%emt 0:00:15]} 54. Kb5 {[%emt 0:00:10]} Ke5 {[%emt 0:00:03]} 55. Kc6 {[%emt 0:00:28]} Rh1 {[%emt 0:00:04]} 56. d6 {[%emt 0:00:35]} Rh6 {[%emt 0:00:05]} 57. Re7+ {[%emt 0:00:13]} Kf5 {[%emt 0:00:01]} 58. Kc7 {[%emt 0:00:12]} 1-0

[Event "13th Poti Nana Aleksandria Cup"]
[Site "Poti"]
[Date "2018.07.19"]
[Round "8"]
[White "Paichadze, Luka"]
[Black "Pantsulaia, Levan"]
[Result "1/2-1/2"]
[WhiteElo "2564"]
[BlackElo "2575"]
[Annotator "TA"]
[PlyCount "30"]
[EventDate "2018.07.13"]
[EventType "swiss"]
[EventCountry "GEO"]
[SourceTitle "playchess.com"]
[Source "ChessBase"]
[SourceQuality "1"]

{[%evp 14,30,5,-22,10,0,8,0,0,0,2,-4,0,-14,0,-14,-7,-43,0]} 1. e4 e5 2. Nf3 Nf6 3. Nc3 Nc6 4. Bc4 Bc5 5. O-O d6 6. d3 h6 7. h3 O-O 8. Be3 {LiveBook: 17 Games} Re8 {C50: Hungarian Defence and Giuoco Pianissimo} 9. Nd5 Be6 $146 ({Predecessor:} 9... a6 10. a4 Bd7 11. c3 Bxe3 12. fxe3 Rb8 13. Nd2 b5 14. Nxf6+ gxf6 15. axb5 axb5 16. Bd5 {1-0 (38) Papaioannou,C (1103)-Giannakouras,I (1200) Porto Rio 2016}) 10. Nxf6+ Qxf6 {The position is equal.} 11. Bxe6 Qxe6 12. c3 Bb6 13. Qb3 Rad8 14. Qxe6 Rxe6 15. c4 Nb4 1/2-1/2

[Event "13th Poti Nana Aleksandria Cup"]
[Site "Poti"]
[Date "2018.07.19"]
[Round "8"]
[White "Matsenko, Sergei"]
[Black "Sindarov, Javokhir"]
[Result "0-1"]
[WhiteElo "2539"]
[BlackElo "2474"]
[Annotator "TA"]
[PlyCount "94"]
[EventDate "2018.07.13"]
[EventType "swiss"]
[EventCountry "GEO"]
[SourceTitle "playchess.com"]
[Source "ChessBase"]
[SourceQuality "1"]

{[%evp 16,94,21,14,59,0,24,0,14,18,0,0,0,0,0,0,2,-22,-20,-61,-63,-66,-68,-74,-72,-73,-62,-81,-77,-70,-45,-119,-118,-126,-125,-212,-96,-192,-179,-300,-300,-346,-316,-357,-255,-447,-454,-453,-448,-445,-456,-433,-438,-403,-474,-658,-663,-660,-646,-622,-613,-844,-828,-815,-773,-1113,-1075,-968,-956,-1745,-1732,-1552,-1614,-1490,-1432,-12842,-12843,-12843,-12843,-12844,-12841]} 1. d4 Nf6 2. c4 g6 3. Nc3 d5 4. Bf4 Bg7 5. e3 O-O 6. Rc1 Be6 {D83: Grünfeld: 4 Bf4 Bg7 5 e3 0-0} 7. cxd5 Nxd5 8. Nxd5 Qxd5 9. b3 {LiveBook: 19 Games} Nd7 10. Nf3 ({White should play} 10. Bxc7 $14 Rac8 11. Qd2) 10... Rac8 $146 ({Predecessor:} 10... c5 11. Bc4 Qe4 12. Bxe6 Qxe6 13. O-O Rac8 14. Qd3 cxd4 15. Nxd4 {0-1 (49) Socko,B (2622)-Jumabayev,R (2600) Riga 2015}) 11. Qd2 c5 12. Bc4 Qe4 13. Bd3 Qc6 $1 14. e4 {Strongly threatening d5.} Qb6 15. d5 Bg4 16. Be2 Nf6 17. e5 Nd7 $1 ({Of course not} 17... Ne4 $6 18. Qe3 $14) 18. e6 fxe6 19. h3 Bxf3 20. Bxf3 {With the idea Bg4.} Nf6 21. dxe6 Rcd8 22. Qe2 Qa5+ 23. Kf1 ({White should try} 23. Bd2 $1 $15 Qxa2 24. Rxc5) 23... Nd5 $17 24. Bg5 Rf5 25. h4 (25. Bxd5 $17 Rxg5 26. Be4) 25... Nc3 (25... h6 $19 {and Black stays clearly on top.} 26. Bd2 Qxa2) 26. Qe1 (26. Bd2 $17 {was necessary.}) 26... Qxa2 $19 27. Bg4 (27. Kg1 $142 Qxb3 28. Rh3) 27... Re5 $1 {[%cal Re5e1]} ({Not} 27... Qxb3 28. Bxf5 gxf5 29. Kg1 $17) 28. Qxc3 {[#]} Rxg5 $1 {[%mdl 512]} 29. Qf3 (29. hxg5 Bxc3) 29... Rf8 $40 {[%mdl 128] Black attacks with force.} 30. hxg5 $2 (30. Qxf8+ Bxf8 31. hxg5) 30... Rxf3 31. Bxf3 Bd4 {[%csl Gd4][%cal Ra2f2]} 32. Be2 Qxb3 33. Rh3 Qb2 34. Rd1 a5 {[%cal Ba7a5,Ba5a4][%mdl 32]} 35. Rf3 {Black is clearly winning.} a4 36. Rf7 a3 37. Rxe7 {[#] And now Re8+ would win.} Kf8 $1 {[%cal Rf8e7]} 38. Rf7+ {[#]} Ke8 $1 39. Bc4 a2 40. Bxa2 Qxa2 41. Re1 Bc3 42. Re3 Qb1+ 43. Ke2 Qc2+ 44. Kf3 Bd4 45. Re4 Qxf2+ 46. Kg4 Qxg2+ 47. Kf4 b5 {Precision: White = 28%, Black = 79%.} 0-1

[Event "13th Poti Nana Aleksandria Cup"]
[Site "Poti"]
[Date "2018.07.19"]
[Round "8"]
[White "Harutyunian, Tigran K"]
[Black "Mosadeghpour, Masoud"]
[Result "1-0"]
[WhiteElo "2500"]
[BlackElo "2531"]
[Annotator "TA"]
[PlyCount "67"]
[EventDate "2018.07.13"]
[EventType "swiss"]
[EventCountry "GEO"]
[SourceTitle "playchess.com"]
[Source "ChessBase"]
[SourceQuality "1"]

{[%evp 9,67,0,60,51,65,62,66,66,62,67,79,51,45,19,86,57,81,34,33,33,127,120,117,-81,-102,-109,-104,-61,-43,-52,126,142,164,144,154,163,143,160,156,157,153,147,151,158,138,71,191,169,229,162,189,19,371,366,372,372,390,397,432,389]} 1. c4 e5 2. Nc3 Nf6 3. Nf3 Nc6 4. e3 Bb4 5. Qc2 Qe7 (5... d6 $11) (5... Bxc3 6. Qxc3 Qe7 7. b3 O-O 8. Bb2 Re8 9. a3 a5 10. h3 b6 11. Be2 Bb7 12. O-O d5 13. cxd5 Nxd5 14. Qc2 e4 {1-0 (41) Caruana,F (2822)-Karjakin,S (2782) Stavanger 2018}) 6. Nd5 $14 {A28: Englische Eröffnung (Vierspringer-Variante)} Nxd5 7. cxd5 e4 8. Ng1 $1 {[%cal Bf3g1,Bg1e2,Be2g3][%mdl 32] Weiß steht etwas besser.} Nd8 9. Ne2 $146 ({Vorgänger:} 9. Qxc7 b6 10. a3 Bd6 11. Qc4 Bb7 12. Ne2 Rc8 {1-0 (41) Chadaev,N (2567)-Grover,S (2372) Groningen 2009}) 9... O-O 10. Ng3 (10. a3 $5 {[%cal Ra3b4]} Bd6 11. Nc3 $14) 10... f5 11. Bc4 Qh4 (11... Qc5 $11 {bleibt in der Remisbreite.}) 12. b3 a6 13. Bb2 b5 $1 {[%cal Rb5c4]} 14. d6+ {[%cal Bd5d6,Bd6c7][%mdl 32]} Kh8 (14... bxc4 $14 15. Qxc4+ Ne6 16. Qxb4 a5) 15. dxc7 $16 Nc6 16. Be6 $2 (16. Bd5 $16 {hält den Druck.} Ra7 17. Bxc6 (17. a3 Bd6 $11) 17... Rxc7 18. Bxg7+ Kxg7 19. Qb2+ Kg6 20. Bd5) 16... Ne7 $1 $17 17. a3 {Und weiter mit Lxf5 wäre nett.} Bd6 $1 18. Qc3 {[%csl Gb2][%cal Rc3g7]} Qh6 19. Qd4 $1 {Droht Sh5 und aus.} Bxc7 $2 {[#]} (19... Bxg3 $1 $15 20. Bd5 Nxd5 21. Qxd5 Qd6 22. Qxa8 Bxf2+ 23. Kxf2 Qxd2+ 24. Kg1 Qxe3+ 25. Kf1 f4) 20. Nxf5 $1 $16 {[%cal Rd4g7][%mdl 512]} Nxf5 21. Bxf5 d5 ({Nur nicht} 21... Rxf5 $2 22. Qxe4 Bb7 23. Qxf5 $18) 22. Bxc8 $1 Raxc8 23. Qxd5 $40 {[%mdl 128] Weiss greift entschieden an.} Qg6 {[#]} 24. O-O $1 Rcd8 25. Qc5 Bd6 26. Qc2 Rf5 27. Rac1 (27. Qxe4 Bxh2+ 28. Kh1 Be5 $15) ({Lieber} 27. g3) 27... Kg8 (27... Rh5 $16 {kämpft weiter.} 28. f4 exf3 29. Rxf3 Bxh2+ 30. Kf2 (30. Kf1 Qe6 $14) 30... Qg4) 28. g3 $18 ({Schlechter ist} 28. Qxe4 Bxh2+ 29. Kh1 Be5 $15) 28... Qg4 (28... Rc5 $142 29. Qd1 Qf5 30. Rxc5 Bxc5) 29. Qc6 h5 30. Qb6 $2 (30. Qxa6 $18 {Droht stark Tc8.} Rd5 31. Bd4) 30... Rff8 $2 {[%mdl 8192] [#]} (30... Rd7 $1 $11 {und Schwarz ist OK.}) 31. Rc6 $1 {[%cal Rc6d6]} Qd7 32. Qd4 {zielt auf Txd6! ab.} Rf7 33. Qxe4 h4 34. Qxh4 {Precision: Weiß = 49%, Schwarz = 38%.} 1-0

[Event "13th Poti Nana Aleksandria Cup"]
[Site "Poti"]
[Date "2018.07.19"]
[Round "8"]
[White "Tutisani, Noe"]
[Black "Nigmatov, Ortik"]
[Result "0-1"]
[WhiteElo "2469"]
[BlackElo "2461"]
[Annotator "TA"]
[PlyCount "168"]
[EventDate "2018.07.13"]
[EventType "swiss"]
[EventCountry "GEO"]
[SourceTitle "playchess.com"]
[Source "ChessBase"]
[SourceQuality "1"]

{[%evp 13,168,21,33,0,13,13,91,87,91,93,102,112,105,102,104,61,86,62,94,93,145,125,129,106,111,110,108,105,114,52,98,133,123,0,0,0,0,0,0,0,0,0,0,0,0,0,8,0,66,34,34,8,34,34,54,-170,-16,-111,-111,-97,-109,-223,-215,-226,-70,-187,-162,-173,-107,-107,-100,-106,-103,-104,-118,-135,-97,-118,-103,-141,-139,-158,-158,-143,-125,-267,-267,-267,-267,-267,-267,-267,-267,-267,-267,-267,-267,-267,-267,-260,-260,-260,-260,-260,-260,-260,-245,-245,-245,-245,-245,-245,-216,-253,-245,-242,-238,-238,-238,-231,-216,-205,-159,-231,-216,-231,-187,-221,-216,-216,-216,-332,-242,-672,-672,-665,-330,-665,-665,-651,-651,-672,-672,-672,-665,-665,-658,-658,-651,-651,-636,-636,-636,-601,-608,-532,-532]} 1. e4 c5 2. Nc3 Nc6 3. Nge2 e5 4. g3 d6 5. Bg2 g6 6. d3 Bg7 7. Nd5 Be6 {LiveBook: 5 Partien. B25: Sizilianisch (Geschlossenes System)} 8. f4 Nge7 9. O-O Bxd5 $146 (9... O-O $11) ({Vorgänger:} 9... O-O 10. Nec3 exf4 11. Bxf4 Qd7 12. Qd2 Ne5 13. Ne3 b5 14. a3 a5 15. a4 b4 16. Nb5 {½-½ (25) Chaika,I (2459)-Cuadrado Wentwort Hyde,G (2447) ICCF email 2015}) 10. exd5 $16 Nd4 11. fxe5 dxe5 12. Nxd4 cxd4 13. c4 $1 O-O 14. Qb3 Rb8 15. Bd2 Nf5 16. c5 Bh6 ({Besser ist} 16... Ne3) 17. Bxh6 Nxh6 18. Bh3 $1 Kg7 19. Qc4 f5 20. Rae1 Nf7 21. b4 (21. d6 $16) 21... h5 22. d6 h4 23. Qe6 (23. g4 $1 $16) 23... hxg3 $11 24. Bxf5 gxf5 25. Rxf5 Qh4 $1 {[%cal Rh4h2] [#]} 26. h3 $1 {[%mdl 512]} Qh6 (26... Qxh3 27. Rxf7+) 27. Qxh6+ Nxh6 28. Rg5+ Kf6 29. Rexe5 Rg8 30. Rh5 Rbd8 (30... g2 $11) 31. h4 g2 32. Rd5 (32. Re4 $5 {[%cal Rh5h6]} Nf7 33. Rxd4 $16) 32... Nf7 {...Tg4 ist eine echte Drohung.} 33. Rxd4 Rg3 $1 {zielt auf ...Te8 ab.} 34. d7 $2 (34. Rf4+ $14 {bleibt weiter vorne.} Kg7 35. Rhf5 Nxd6 36. cxd6) 34... Ke6 $2 (34... Rdg8 $1 $19 35. b5 Re3 36. d8=Q+ Nxd8) 35. Re4+ (35. Rh7 $11 Re3 36. b5 (36. Kxg2 Ke5 $11)) 35... Kxd7 $17 36. Rh7 Rf8 37. Rf4 (37. Re2 $17 {war die einzige Verteidigung.}) 37... Ke6 $19 {Und weiter mit ...Sg5 wäre nett.} 38. Rf2 {[#]} Rxd3 $2 ({Lieber} 38... Ng5 $1 $19 {[%mdl 512] ( -> ...Sh3+)} 39. Rh6+ (39. hxg5 Rxf2) 39... Ke5 40. Rxg2 (40. d4+ $2 Kd5 $19) 40... Nf3+ 41. Kf2 Rh3) 39. Kxg2 (39. Rg7 $1 $15) 39... Rg8+ 40. Kf1 Nd8 (40... Ne5 $19 41. Re2 Rd1+ 42. Kf2 Rdg1) 41. Re2+ $17 Kf5 42. Rf2+ Kg6 43. Re7 Rh8 44. Re4 Rd5 45. Rg4+ Kh5 46. Rc4 Rg8 47. b5 Ne6 48. c6 Rxb5 49. Rf7 (49. Rf6 $17 {war angesagt.}) 49... bxc6 $19 50. Rxc6 Rf8 51. Rxf8 Nxf8 {[%mdl 4096] Endspiel KTS-KT} 52. Ra6 {[#]} Rb7 $1 53. Ra4 Ng6 54. Ke2 Rd7 55. Ke3 Nxh4 56. Ke4 Kg5 57. Ke5 Ng6+ 58. Ke6 Nf8+ 59. Ke5 Kg6 60. Rf4 Kg7 61. Rf3 Kg8 62. Rf6 Rb7 63. Rf3 Rb6 64. Ra3 Nd7+ 65. Kd5 a6 66. Rb3 Rh6 67. Rb7 Nf6+ 68. Kc4 (68. Kc6 $17) 68... Ne4 {Droht stark ...Sd6+.} 69. Ra7 Nd2+ 70. Kb4 Rc6 71. Rd7 Ne4 72. a4 (72. Rd4 $142 Nf6 73. Ka5) 72... Nd6 73. Ka5 $2 (73. Ra7) 73... Kf8 74. Ra7 Nc4+ 75. Kb4 Ke8 {Schwarz steht klar auf Gewinn.} 76. Kc3 Kd8 77. Kd4 Kc8 78. Kd5 Na5 79. Rh7 Rc7 80. Rh4 Kb7 81. Rb4+ Ka7 82. Rh4 Nb7 83. Rb4 Rc5+ 84. Kd4 {beabsichtigt Txb7+!} Rh5 {Precision: Weiß = 41%, Schwarz = 63%.} 0-1